000 00229nmm a2200097Ia 4500
008 220120s9999||||xx |||||||||||||||||und||
082 _a658.45 ADL
100 _aAdler, Ronald, B
245 0 _aCommunicating at work
260 _c2002
999 _c138966
_d138966